Provinces des Philippines - Statistiques

Statistiques générales
  • Ce quiz a été pris 27 fois
  • Le résultat moyen est 26 sur 162
Statistiques - réponses
Réponse % Correct
Manille
80%
Bataan
60%
Batangas
55%
Cavite
50%
Cebu
50%
Bohol
45%
Cagayan
45%
Iloilo
45%
Isabella
45%
Quezon
45%
Aklan
40%
Negros Occidental
40%
Pangasinan
40%
Aurora
35%
Ilocos Norte
35%
Isabela
35%
Negros Oriental
35%
Antique
30%
Batanes
30%
Davao del Sur
30%
Davao Oriental
30%
Ifugao
30%
Ilocos Sur
30%
Laguna
30%
La Union
30%
Leyte
30%
Palawan
30%
Samar
30%
Tawi-tawi
30%
Zambales
30%
Abra
25%
Agusan del Norte
25%
Agusan del Sur
25%
Camarines Sur
25%
Capiz
25%
Catanduanes
25%
Cotabato
25%
Guimaras
25%
Lanao del Norte
25%
Lanao del Sur
25%
Marinduque
25%
Mindoro Occidental
25%
Mindoro Oriental
25%
Rizal
25%
Siquijor
25%
Surigao
25%
Tarlac
25%
Bacolod
20%
Basilan
20%
Biliran
20%
Bulacan
20%
Camarines Norte
20%
Masbate
20%
Pampanga
20%
Quirino
20%
Romblon
20%
Samar Oriental
20%
Surigao del Norte
20%
Surigao del Sur
20%
Zamboanga del Norte
20%
Albay
15%
Benguet
15%
Bukidnon
15%
Cagayan de Oro
15%
Camiguin
15%
Davao du Nord
15%
Kalinga
15%
Leyte du Sud
15%
Misamis Occidental
15%
Misamis Oriental
15%
Mountain Province
15%
Nueva Vizcaya
15%
Sulu
15%
Zamboanga del Sur
15%
Apayao
10%
Bangued
10%
Digos
10%
Kalibo
10%
Laoag
10%
Maguindanao
10%
Puerto Princessa
10%
Samar du Nord
10%
Sorsogon
10%
Sultan Kudarat
10%
Tagbilaran
10%
Tuguegarao
10%
Vigan
10%
Zamboanga Sibugay
10%
Balanga
5%
Baler
5%
Basco
5%
Boac
5%
Bontoc
5%
Cabadbaran
5%
Cebus
5%
Compostela Valley
5%
Daet
5%
Grand Manille
5%
Ilagan
5%
Jordan
5%
Kabugao
5%
Kidapawan
5%
Koronadal
5%
Lagawe
5%
La Trinidad
5%
Legazpi
5%
Maasin
5%
Malaybalay
5%
Malolos
5%
Mambajao
5%
Marawi
5%
Mati
5%
Nabunturan
5%
Naval
5%
Nueva Ecija
5%
Pagadian
5%
Pili
5%
Prosperidad
5%
Roxas City
5%
San Fernando
5%
San Jose
5%
Sarangani
5%
Shariff Aguak
5%
South Cotabato
5%
Tabuk
5%
Tacloban
5%
Tagum
5%
Tubod
5%
Virac
5%
Alabel
0%
Antipolo
0%
Bayombong
0%
Bongao
0%
Borongan
0%
Cabarroguis
0%
Calapan
0%
Catarman
0%
Catbalogan
0%
Dipolog
0%
Dumaguete
0%
Iba
0%
Iles Dinagat
0%
Ipil
0%
Isulan
0%
Jolo
0%
Lingayen
0%
Lucena
0%
Mamburao
0%
Masbate City
0%
Oroquieta
0%
Palayan
0%
Santa Cruz
0%
Tandag
0%
Trece Martires
0%
Aucun quiz correspondant
Distribution des résultats
% des personnes avec chaque résultat
Percentile par nombre de réponses
Votre historique - résultats
Vous n’avez pas pris ce quiz